=LDR 00000nam 2200000 4500 =001 NUTBA000000000002357 =005 20140612154150.0 =006 =007 =008 =020 ##$$a 979-004-026-1 =035 ##$$a 0010-061400000000300 =040 ##$$a NBPDMAT =082 ##$$a 633.73 =090 ##$$a 633.73 $b Tan m =100 ##$$a Tanti Setiawati =245 ##$$a Mengenal kopi dan khasiatnya / $c Tanti Setiawati ; pemyunting, Akbar Wahidin =260 ##$$a Jakarta : $b Karya Mandiri Pratama, $c 2007 =300 ##$$a iv, 52 hlm. $b ilus. ; $c 21 cm. =500 ##$$a Bibliografi : hlm.52 =650 ##$$a Kopi =700 ##$$a Akbar Wahidin =850 ##$$a NBPDMAT =990 ##$$a 21402532